[Event "Titled Tuesday intern op 23rd Aug Late"]
[Site "Chess.com INT"]
[Date "2022.08.23"]
[Round "4"]
[White "Bouget, Alexandre"]
[Black "Joseph, Marcus"]
[Result "1-0"]
[WhiteElo "2282"]
[BlackElo "2148"]
[PlyCount "43"]
[EventDate "2022.08.23"]
[EventType "swiss (blitz)"]
[EventRounds "11"]
[EventCountry "USA"]
[SourceTitle "EXT 2023"]
[Source "ChessBase"]
[SourceDate "2022.10.05"]
[SourceVersion "1"]
[SourceVersionDate "2022.10.05"]
[SourceQuality "1"]

1. d4 Nf6 2. c4 e5 3. dxe5 Ng4 4. Nc3 Bc5 5. e3 Nxe5 6. f4 Ng6 7. Nf3 0-0 8. Bd3 d6 9. 0-0 Re8 10. Kh1 Bxe3 11. Bxe3 Rxe3 12. Nd5 Re8 13. f5 Ne5 14. Nxe5 dxe5 15. f6 g6 16. Qd2 Re6 17. Qh6 Qf8 18. Qxf8+ Kxf8 19. Nxc7 Na6 20. Nxa8 e4 21. Be2 b6 22. c5 1-0

[Event "Titled Tuesday intern op 09th Aug Late"]
[Site "Chess.com INT"]
[Date "2022.08.09"]
[Round "3"]
[White "Joseph, Marcus"]
[Black "Baches Garcia, Guillermo"]
[Result "0-1"]
[WhiteElo "2148"]
[BlackElo "2326"]
[PlyCount "96"]
[EventDate "2022.08.09"]
[EventType "swiss (blitz)"]
[EventRounds "11"]
[EventCountry "USA"]
[SourceTitle "EXT 2023"]
[Source "ChessBase"]
[SourceDate "2022.10.05"]
[SourceVersion "1"]
[SourceVersionDate "2022.10.05"]
[SourceQuality "1"]

1. d4 Nf6 2. Bg5 e6 3. e4 h6 4. Bxf6 Qxf6 5. c3 d5 6. Nd2 c5 7. Ngf3 Nc6 8. Bd3 Qd8 9. 0-0 Be7 10. e5 Qb6 11. dxc5 Bxc5 12. b4 Be7 13. a4 Bd7 14. a5 Qc7 15. a6 b6 16. Qe2 Rc8 17. Rac1 0-0 18. Rfe1 f5 19. b5 Na5 20. c4 dxc4 21. Nxc4 Nxc4 22. Bxc4 Bc5 23. Red1 Rcd8 24. h4 Bc8 25. h5 Qe7 26. Rc3 Rxd1+ 27. Qxd1 Rd8 28. Rd3 Rxd3 29. Qxd3 Kf8 30. g3 Bd7 31. Nh4 Be8 32. Nxf5 Qf7 33. Ne3 Qxh5 34. Bxe6 Qxe5 35. Bc4 Bxe3 36. Qxe3 Qxe3 37. fxe3 Ke7 38. e4 Kd6 39. Bd3 Kc5 40. e5 Bxb5 41. Bxb5 Kxb5 42. Kf2 Kc5 43. Ke3 Kd5 44. Kf4 Ke6 45. Ke4 h5 46. Kd4 g5 47. Ke4 h4 48. gxh4 gxh4 0-1

[Event "Titled Tuesday intern op 09th Aug Late"]
[Site "Chess.com INT"]
[Date "2022.08.09"]
[Round "6"]
[White "Joseph, Marcus"]
[Black "Reprintsev, Alexander"]
[Result "0-1"]
[WhiteElo "2148"]
[BlackElo "2350"]
[PlyCount "74"]
[EventDate "2022.08.09"]
[EventType "swiss (blitz)"]
[EventRounds "11"]
[EventCountry "USA"]
[SourceTitle "EXT 2023"]
[Source "ChessBase"]
[SourceDate "2022.10.05"]
[SourceVersion "1"]
[SourceVersionDate "2022.10.05"]
[SourceQuality "1"]

1. d4 d5 2. Nf3 Nc6 3. g3 Bf5 4. Bg2 Nb4 5. Na3 e6 6. 0-0 h6 7. Ne5 Nf6 8. c3 Nc6 9. Qa4 Bxa3 10. Nxc6 bxc6 11. Qxc6+ Ke7 12. bxa3 Qd7 13. Qa6 Rhb8 14. a4 Rb6 15. Ba3+ Ke8 16. Qa5 Qc6 17. c4 Ra6 18. Qb5 Qxb5 19. cxb5 Rxa4 20. Bc5 Rb8 21. Rfc1 Rxb5 22. e3 Bd3 23. Rc3 Bc4 24. a3 Nd7 25. Rac1 Nxc5 26. dxc5 Rxc5 27. e4 c6 28. exd5 cxd5 29. Bf1 Kd7 30. Rf3 f5 31. Re3 Kd6 32. Rce1 d4 33. Rf3 Bxf1 34. Kxf1 Rc3 35. Rxc3 dxc3 36. Ra1 Kc5 37. Ke2 Kc4 0-1

[Event "Titled Tuesday intern op 09th Aug Late"]
[Site "Chess.com INT"]
[Date "2022.08.09"]
[Round "5"]
[White "Joseph, Marcus"]
[Black "Winterberg, Lukas"]
[Result "1-0"]
[WhiteElo "2148"]
[BlackElo "2394"]
[PlyCount "65"]
[EventDate "2022.08.09"]
[EventType "swiss (blitz)"]
[EventRounds "11"]
[EventCountry "USA"]
[SourceTitle "EXT 2023"]
[Source "ChessBase"]
[SourceDate "2022.10.05"]
[SourceVersion "1"]
[SourceVersionDate "2022.10.05"]
[SourceQuality "1"]

1. d4 f5 2. Bg5 d6 3. e3 Nd7 4. Qh5+ g6 5. Qf3 Ngf6 6. h4 e5 7. Nc3 e4 8. Qe2 Be7 9. 0-0-0 c6 10. Nh3 Qa5 11. Nf4 Nb6 12. h5 Rg8 13. hxg6 hxg6 14. Rh6 Nfd5 15. Bxe7 Nxf4 16. exf4 Kxe7 17. Rh7+ Kd8 18. Qe3 Bd7 19. Qg3 Kc7 20. f3 e3 21. Bd3 Rae8 22. Kb1 Nd5 23. Ne2 Nb4 24. a3 Nxd3 25. Rxd3 Kc8 26. d5 cxd5 27. Qh4 Bc6 28. Qf6 Qe1+ 29. Ka2 Qxe2 30. Qxd6 Rg7 31. Rxg7 Bd7 32. Qxd7+ Kb8 33. Qxe8# 1-0

[Event "Trinidad & Tobago Masters"]
[Site "Port of Spain"]
[Date "2022.07.05"]
[Round "7"]
[White "Johnson, Joshua"]
[Black "Joseph, Marcus"]
[Result "1-0"]
[WhiteElo "2178"]
[BlackElo "2173"]
[PlyCount "53"]
[EventDate "2022.07.02"]
[EventType "tourn"]
[EventRounds "9"]
[EventCountry "TRI"]
[EventCategory "1"]
[SourceTitle "CBM 209 Extra"]
[Source "ChessBase"]
[SourceDate "2022.09.30"]
[SourceVersion "1"]
[SourceVersionDate "2022.09.30"]
[SourceQuality "1"]

1. e4 e6 2. d4 d5 3. Nc3 Be7 4. e5 c5 5. Nf3 cxd4 6. Qxd4 Nc6 7. Qg4 g5 8. Qh5 Bd7 9. Bxg5 Qa5 10. Bd2 0-0-0 11. Bd3 Bb4 12. a3 Nge7 13. 0-0 Bxc3 14. Bxc3 Qb6 15. b4 Be8 16. Qh4 d4 17. Bb2 Rg8 18. b5 Nf5 19. Bxf5 exf5 20. a4 Rg4 21. Qxh7 Ne7 22. g3 d3 23. cxd3 Rxd3 24. Ra3 Rxa3 25. Bxa3 Ng6 26. Rc1+ Kd8 27. Rd1+ 1-0

[Event "Trinidad & Tobago Masters"]
[Site "Port of Spain"]
[Date "2022.07.05"]
[Round "6"]
[White "Joseph, Marcus"]
[Black "Ricken, Katharina"]
[Result "1-0"]
[WhiteElo "2173"]
[BlackElo "2282"]
[PlyCount "49"]
[EventDate "2022.07.02"]
[EventType "tourn"]
[EventRounds "9"]
[EventCountry "TRI"]
[EventCategory "1"]
[SourceTitle "CBM 209 Extra"]
[Source "ChessBase"]
[SourceDate "2022.09.30"]
[SourceVersion "1"]
[SourceVersionDate "2022.09.30"]
[SourceQuality "1"]

1. d4 e6 2. Nc3 d5 3. e4 Nc6 4. e5 a6 5. Nf3 f6 6. Ne2 fxe5 7. dxe5 Nh6 8. Bxh6 gxh6 9. g3 Bg7 10. Nf4 Nxe5 11. Nxe5 Qg5 12. Ned3 Bxb2 13. Nxb2 Qe5+ 14. Be2 Qxb2 15. Bh5+ Ke7 16. 0-0 Qb5 17. Re1 Kd6 18. c4 Qxc4 19. Rc1 Qb4 20. Qe2 Qd4 21. Nxe6 Qf6 22. Nxc7 Bd7 23. Qe3 Bc6 24. Nxa8 Rxa8 25. Qc5+ 1-0

[Event "Trinidad & Tobago Masters"]
[Site "Port of Spain"]
[Date "2022.07.02"]
[Round "1"]
[White "Joseph, Marcus"]
[Black "Zapata, Alonso"]
[Result "0-1"]
[WhiteElo "2173"]
[BlackElo "2352"]
[PlyCount "72"]
[EventDate "2022.07.02"]
[EventType "tourn"]
[EventRounds "9"]
[EventCountry "TRI"]
[EventCategory "1"]
[SourceTitle "CBM 209 Extra"]
[Source "ChessBase"]
[SourceDate "2022.09.30"]
[SourceVersion "1"]
[SourceVersionDate "2022.09.30"]
[SourceQuality "1"]

1. d4 f5 2. Bg5 g6 3. h4 h6 4. Bf4 Nf6 5. Nc3 Bg7 6. e3 d6 7. Qf3 0-0 8. 0-0-0 c6 9. Qg3 Kh7 10. Bd3 Qe8 11. Nf3 Nh5 12. Qh2 Nd7 13. g4 fxg4 14. Ng5+ hxg5 15. hxg5 Kg8 16. Ne4 Rxf4 17. exf4 Nf8 18. f3 Qf7 19. f5 Bxf5 20. fxg4 Bxg4 21. Rdf1 Bf5 22. Nc3 e6 23. Qxd6 Qd7 24. Qxd7 Nxd7 25. Bxf5 exf5 26. Ne2 Re8 27. Rh2 Nb6 28. c3 Nd5 29. Kd2 Re4 30. Re1 Kf7 31. Nc1 Rxe1 32. Kxe1 Ndf4 33. Kd2 Ne6 34. Nb3 b6 35. a4 Nxg5 36. a5 Nf3+ 0-1

[Event "De Verteuil Memorial 25th"]
[Site "Port of Spain"]
[Date "2017.10.05"]
[Round "1"]
[White "Joseph, Marcus"]
[Black "Lee, Courtney"]
[Result "1/2-1/2"]
[WhiteElo "2148"]
[BlackElo "1854"]
[PlyCount "51"]
[EventDate "2017.10.05"]
[EventType "swiss"]
[EventRounds "7"]
[EventCountry "TRI"]
[SourceTitle "CBM 187 Extra"]
[Source "ChessBase"]
[SourceDate "2018.11.04"]
[SourceVersion "1"]
[SourceVersionDate "2018.11.04"]
[SourceQuality "1"]

1. e4 a6 2. d4 c5 3. Nf3 cxd4 4. Nxd4 Nf6 5. Nc3 e5 6. Nb3 Bb4 7. Bg5 Qc7 8. Bxf6 Bxc3+ 9. bxc3 Qxc3+ 10. Qd2 Qxd2+ 11. Nxd2 gxf6 12. Nc4 Nc6 13. c3 d6 14. Nxd6+ Ke7 15. Rd1 Be6 16. Nxb7 Bxa2 17. Nc5 Rhd8 18. Ra1 Be6 19. Rxa6 Rxa6 20. Bxa6 Ra8 21. 0-0 Kd6 22. Nb7+ Kc7 23. Nc5 Kd6 24. Nb7+ Kc7 25. Nc5 Kd6 26. Bb7 1/2-1/2

[Event "Port of Spain Sub zt 2.3.5"]
[Site "Port of Spain"]
[Date "2014.03.31"]
[Round "7"]
[White "Joseph, Marcus"]
[Black "Harper, Ryan"]
[Result "0-1"]
[WhiteElo "2152"]
[BlackElo "2293"]
[PlyCount "62"]
[EventDate "2014.03.27"]
[EventType "swiss"]
[EventRounds "9"]
[EventCountry "TRI"]
[SourceTitle "EXT 2023"]
[Source "ChessBase"]
[SourceDate "2022.10.05"]
[SourceVersion "1"]
[SourceVersionDate "2022.10.05"]
[SourceQuality "1"]

1. e4 e5 2. f4 exf4 3. Nf3 g5 4. Bc4 g4 5. 0-0 gxf3 6. Qxf3 Qf6 7. e5 Qxe5 8. Bxf7+ Kd8 9. d4 Qxd4+ 10. Kh1 Qf6 11. Qb3 Bd6 12. Bxg8 Nc6 13. Qf7 Qg5 14. Bxf4 Qxg8 15. Qf6+ Be7 16. Qc3 b6 17. Nd2 Ba6 18. Rfe1 Bb4 19. Qf6+ Kc8 20. c3 Be7 21. Rxe7 Nxe7 22. Qxe7 Bb7 23. Rg1 Qe8 24. Qh4 Bc6 25. Bg3 Qe2 26. Qf4 d6 27. Nc4 Kb7 28. Qf7 Raf8 29. Nxd6+ Ka8 30. Qc4 Bxg2+ 31. Rxg2 Rf1+ 0-1

[Event "De Verteuil Memorial 21st"]
[Site "Port of Spain"]
[Date "2013.10.17"]
[Round "1"]
[White "Jacobs, Carl"]
[Black "Joseph, Marcus"]
[Result "0-1"]
[WhiteElo "1562"]
[BlackElo "2152"]
[PlyCount "30"]
[EventDate "2013.10.17"]
[EventType "swiss"]
[EventRounds "7"]
[EventCountry "TRI"]
[SourceTitle "CBM 157 Extra"]
[Source "ChessBase"]
[SourceDate "2013.12.19"]
[SourceVersion "1"]
[SourceVersionDate "2013.12.19"]
[SourceQuality "1"]

1. d4 e6 2. c4 b6 3. Nc3 Bb7 4. e4 Bb4 5. Qc2 f5 6. Bd3 Nf6 7. Bg5 0-0 8. Nf3 Qe8 9. Bxf6 Rxf6 10. 0-0 Nc6 11. exf5 Qh5 12. fxe6 Rxf3 13. gxf3 Nxd4 14. Bxh7+ Kh8 15. Qg6 Nxf3+ 0-1

[Event "TRI-ch"]
[Site "Port of Spain"]
[Date "2013.09.21"]
[Round "7"]
[White "Lee, Cecil"]
[Black "Joseph, Marcus"]
[Result "0-1"]
[WhiteElo "1951"]
[BlackElo "2173"]
[PlyCount "67"]
[EventDate "2013.09.07"]
[EventType "tourn"]
[EventRounds "11"]
[EventCountry "TRI"]
[SourceTitle "CBM 156 Extra"]
[Source "ChessBase"]
[SourceDate "2013.10.22"]
[SourceVersion "1"]
[SourceVersionDate "2013.10.22"]
[SourceQuality "1"]

1. c4 Nf6 2. Nc3 g6 3. g3 Bg7 4. Bg2 0-0 5. e4 d6 6. Nge2 c5 7. 0-0 Nc6 8. d3 a6 9. h3 Ne8 10. Kh2 Nc7 11. Rb1 Rb8 12. Be3 Ne6 13. a4 Bd7 14. f4 Ned4 15. Bg1 Qa5 16. Nxd4 Nxd4 17. Bf2 b5 18. axb5 axb5 19. Ra1 Qd8 20. Rb1 bxc4 21. dxc4 Rb4 22. b3 Bc6 23. Nd5 Rb8 24. Qd3 e6 25. Ne3 f5 26. Nc2 fxe4 27. Bxe4 d5 28. Bg2 dxc4 29. bxc4 Bxg2 30. Kxg2 Rxb1 31. Rxb1 Qa8+ 32. Kg1 Nf3+ 33. Kf1 Rd8 34. Nd4 0-1

[Event "De Verteuil Memorial 20th"]
[Site "Port of Spain"]
[Date "2012.11.29"]
[Round "7"]
[White "Harper, Ryan"]
[Black "Joseph, Marcus"]
[Result "1-0"]
[WhiteElo "2237"]
[BlackElo "2160"]
[PlyCount "71"]
[EventDate "2012.10.18"]
[EventType "swiss"]
[EventRounds "7"]
[EventCountry "TRI"]
[SourceTitle "EXT 2024"]
[Source "ChessBase"]
[SourceDate "2023.10.10"]
[SourceVersion "1"]
[SourceVersionDate "2023.10.10"]
[SourceQuality "1"]

1. e4 e6 2. d4 d5 3. exd5 exd5 4. Bf4 Nc6 5. Nf3 Nge7 6. Nc3 Ng6 7. Bg3 Be6 8. Bd3 Bd6 9. Qd2 0-0 10. Nb5 Bg4 11. Nxd6 cxd6 12. 0-0-0 Rc8 13. Kb1 f5 14. h3 Bxf3 15. gxf3 Qf6 16. f4 Nge7 17. Be2 g6 18. Rhg1 Kf7 19. Rge1 Rc7 20. Bf1 Nc8 21. Re3 Nb6 22. c3 Rfc8 23. Rde1 a5 24. Re6 Qxe6 25. Rxe6 Kxe6 26. Qe2+ Kf7 27. Qb5 Nd7 28. Qxd5+ Kg7 29. Bh4 Nf6 30. Bxf6+ Kxf6 31. Qxd6+ Kg7 32. d5 Nd8 33. Qe5+ Kh6 34. d6 Rc5 35. d7 R8c7 36. Qe8 1-0

[Event "De Verteuil Memorial 20th"]
[Site "Port of Spain"]
[Date "2012.11.08"]
[Round "4"]
[White "Fitzpatrick, Kenneth"]
[Black "Joseph, Marcus"]
[Result "0-1"]
[WhiteElo "1688"]
[BlackElo "2160"]
[PlyCount "62"]
[EventDate "2012.10.18"]
[EventType "swiss"]
[EventRounds "7"]
[EventCountry "TRI"]
[SourceTitle "EXT 2024"]
[Source "ChessBase"]
[SourceDate "2023.10.10"]
[SourceVersion "1"]
[SourceVersionDate "2023.10.10"]
[SourceQuality "1"]

1. d4 b5 2. e3 a6 3. Bd3 Bb7 4. Nf3 e6 5. Nbd2 Nf6 6. 0-0 Be7 7. Re1 d6 8. e4 Nbd7 9. c3 c5 10. b3 e5 11. d5 0-0 12. Ng5 Nxd5 13. Nxh7 Nxc3 14. Qc2 Kxh7 15. Qxc3 Kg8 16. Nf3 f5 17. exf5 Bf6 18. Qd2 e4 19. Bxe4 Bxe4 20. Rxe4 Bxa1 21. Qd5+ Rf7 22. Ng5 Qf8 23. Nxf7 Nf6 24. Nh6+ Kh7 25. Qb7 Nxe4 26. Qxe4 Re8 27. Nf7 Rxe4 28. Ng5+ Kg8 29. Nxe4 Qxf5 30. f3 d5 31. Nxc5 Bd4+ 0-1

[Event "San Cristobal Bolivar op 1st"]
[Site "San Cristobal"]
[Date "2012.09.29"]
[Round "9"]
[White "Rincon Sequeda, Jose Omar"]
[Black "Joseph, Marcus"]
[Result "1-0"]
[WhiteElo "2024"]
[BlackElo "2191"]
[PlyCount "67"]
[EventDate "2012.09.25"]
[EventType "swiss"]
[EventRounds "10"]
[EventCountry "VEN"]
[SourceTitle "EXT 2013"]
[Source "ChessBase"]
[SourceDate "2012.11.22"]
[SourceVersion "1"]
[SourceVersionDate "2012.11.22"]
[SourceQuality "1"]

1. c4 e5 2. Nc3 Nc6 3. g3 f5 4. Bg2 Nf6 5. d3 Bb4 6. Bd2 0-0 7. a3 Bxc3 8. Bxc3 d6 9. Nf3 Qe8 10. 0-0 Kh8 11. b4 Qh5 12. e3 f4 13. exf4 Bg4 14. h3 Bxh3 15. fxe5 Ng4 16. exd6 cxd6 17. Nh4 Bxg2 18. Kxg2 Rxf2+ 19. Kg1 Rg2+ 20. Kxg2 Ne3+ 21. Kh3 Nxd1 22. g4 Qe8 23. Raxd1 Ne5 24. Rde1 Qa4 25. Bxe5 dxe5 26. Rxe5 Qxa3 27. Rfe1 g6 28. R1e3 Qxb4 29. Nf3 a5 30. Re7 a4 31. Ng5 a3 32. Nxh7 Qxe7 33. Rxe7 a2 34. Nf6 1-0

[Event "San Cristobal Bolivar op 1st"]
[Site "San Cristobal"]
[Date "2012.09.25"]
[Round "1"]
[White "Blanco Ronquillo, Humberto L"]
[Black "Joseph, Marcus"]
[Result "1-0"]
[WhiteElo "2430"]
[BlackElo "2191"]
[PlyCount "83"]
[EventDate "2012.09.25"]
[EventType "swiss"]
[EventRounds "10"]
[EventCountry "VEN"]
[SourceTitle "EXT 2013"]
[Source "ChessBase"]
[SourceDate "2012.11.22"]
[SourceVersion "1"]
[SourceVersionDate "2012.11.22"]
[SourceQuality "1"]

1. d4 Nf6 2. c4 Nc6 3. Nf3 e6 4. Nc3 Bb4 5. Qc2 0-0 6. a3 Bxc3+ 7. Qxc3 d5 8. e3 Ne4 9. Qc2 f5 10. Bd3 a5 11. b3 Rf6 12. Bb2 Bd7 13. 0-0-0 a4 14. b4 Nxb4 15. axb4 a3 16. Ba1 Ba4 17. Qa2 Qe7 18. c5 Bxd1 19. Rxd1 Qe8 20. Ne5 Rh6 21. h3 Qh5 22. f3 Nf6 23. Bf1 Qe8 24. Rd3 Qa4 25. Rb3 g5 26. Bc3 g4 27. Be1 gxh3 28. gxh3 Qxb3 29. Qxb3 a2 30. Bc3 a1Q+ 31. Bxa1 Rxa1+ 32. Kb2 Rxf1 33. Qa4 Rxh3 34. Qa8+ Kg7 35. Qd8 Rh2+ 36. Kb3 Rb1+ 37. Ka4 Ra2+ 38. Kb5 c6+ 39. Kb6 Rxb4+ 40. Kc7 Nh5 41. Qg5+ Kf8 42. Qxh5 1-0

[Event "Olympiad-40"]
[Site "Istanbul"]
[Date "2012.09.01"]
[Round "5.2"]
[White "Aagaard, Jacob"]
[Black "Joseph, Marcus"]
[Result "1-0"]
[WhiteElo "2517"]
[BlackElo "2206"]
[PlyCount "73"]
[EventDate "2012.08.28"]
[EventType "team-swiss"]
[EventRounds "11"]
[EventCountry "TUR"]
[SourceTitle "CBM 151"]
[Source "ChessBase"]
[SourceDate "2012.11.13"]
[SourceVersion "1"]
[SourceVersionDate "2012.11.13"]
[SourceQuality "1"]
[WhiteTeam "Denmark"]
[BlackTeam "Trinidad and Tobago"]
[WhiteTeamCountry "DEN"]
[BlackTeamCountry "TRI"]

1. e4 c5 2. Nf3 d6 3. Nc3 a6 4. d4 cxd4 5. Nxd4 Nf6 6. Be3 e6 7. Be2 Be7 8. 0-0 0-0 9. f4 Qc7 10. g4 Re8 11. f5 Bf8 12. g5 Nfd7 13. Nxe6 fxe6 14. Bh5 Qd8 15. fxe6 Ne5 16. Bf7+ Kh8 17. Bxe8 Qxe8 18. Nd5 Be7 19. Nc7 Qg6 20. Nxa8 Bxe6 21. Nc7 Bh3 22. Rf5 Nbc6 23. Qe2 h6 24. Kh1 Bxf5 25. exf5 Qxf5 26. gxh6 g5 27. Nd5 Qe4+ 28. Qg2 Nf3 29. Nxe7 Nxe7 30. Rf1 g4 31. Rxf3 Qxf3 32. Qxf3 gxf3 33. Kg1 Nf5 34. Kf2 Kh7 35. Kxf3 Kg6 36. h3 d5 37. Bd2 1-0

[Event "Olympiad-40"]
[Site "Istanbul"]
[Date "2012.08.28"]
[Round "1.2"]
[White "Joseph, Marcus"]
[Black "Kindermann, Stefan"]
[Result "0-1"]
[WhiteElo "2206"]
[BlackElo "2498"]
[PlyCount "90"]
[EventDate "2012.08.28"]
[EventType "team-swiss"]
[EventRounds "11"]
[EventCountry "TUR"]
[SourceTitle "CBM 151"]
[Source "ChessBase"]
[SourceDate "2012.11.13"]
[SourceVersion "1"]
[SourceVersionDate "2012.11.13"]
[SourceQuality "1"]
[WhiteTeam "Trinidad and Tobago"]
[BlackTeam "Austria"]
[WhiteTeamCountry "TRI"]
[BlackTeamCountry "AUT"]

1. e4 e6 2. d4 d5 3. Nc3 Nf6 4. e5 Nfd7 5. f4 c5 6. Nf3 Nc6 7. Be3 cxd4 8. Nxd4 Bc5 9. Qd2 0-0 10. 0-0-0 a6 11. Nb3 Bb4 12. Bd3 b5 13. g4 Na5 14. Bd4 Bb7 15. Qe3 Nc6 16. Qh3 g6 17. Qe3 Nxd4 18. Nxd4 Bc5 19. Nce2 f6 20. h4 fxe5 21. fxe5 Qc7 22. h5 Qxe5 23. Qxe5 Nxe5 24. hxg6 hxg6 25. Nxe6 Be3+ 26. Kb1 Rf6 27. Rh3 Nxd3 28. Rxe3 Nf2 29. Rf1 Nxg4 30. Rxf6 Nxf6 31. N2f4 Ne4 32. b3 Kf7 33. Kb2 g5 34. Nxd5 Kxe6 35. Nc7+ Ke5 36. Nxa8 Bxa8 37. c3 g4 38. Ka3 a5 39. c4 bxc4 40. bxc4 Bc6 41. Rd3 g3 42. Kb2 g2 43. Rd1 Nf2 44. Rg1 Nh3 45. Re1+ Kd4 0-1

[Event "Bridgetown Heroes Day"]
[Site "Bridgetown"]
[Date "2012.05.01"]
[Round "10"]
[White "Del Castilho, Martyn Simon"]
[Black "Joseph, Marcus"]
[Result "1-0"]
[WhiteElo "2218"]
[BlackElo "2198"]
[PlyCount "57"]
[EventDate "2012.04.27"]
[EventType "tourn"]
[EventRounds "10"]
[EventCountry "BAR"]
[EventCategory "2"]
[SourceTitle "CBM 148 Extra"]
[Source "ChessBase"]
[SourceDate "2012.06.22"]
[SourceVersion "1"]
[SourceVersionDate "2012.06.22"]
[SourceQuality "1"]

1. e4 d5 2. exd5 Nf6 3. Nf3 Bg4 4. Bb5+ Nbd7 5. h3 a6 6. Be2 Bf5 7. Nc3 Nb6 8. Nh4 Bc8 9. d4 g6 10. 0-0 Bg7 11. Nf3 0-0 12. Ne5 Nbxd5 13. Nxd5 Nxd5 14. c4 Nf6 15. Be3 c5 16. dxc5 Qc7 17. Nd3 Bf5 18. Qb3 Nd7 19. Qa3 e5 20. Nb4 Be6 21. Nd5 Qd8 22. Rad1 f5 23. Nb6 f4 24. Bc1 e4 25. Bg4 Bxg4 26. hxg4 Qh4 27. Rxd7 f3 28. Qe3 Qxg4 29. Qg5 1-0

[Event "Bridgetown Heroes Day"]
[Site "Bridgetown"]
[Date "2012.05.01"]
[Round "9"]
[White "Joseph, Marcus"]
[Black "Farley, Terry"]
[Result "0-1"]
[WhiteElo "2198"]
[BlackElo "2250"]
[PlyCount "62"]
[EventDate "2012.04.27"]
[EventType "tourn"]
[EventRounds "10"]
[EventCountry "BAR"]
[EventCategory "2"]
[SourceTitle "CBM 148 Extra"]
[Source "ChessBase"]
[SourceDate "2012.06.22"]
[SourceVersion "1"]
[SourceVersionDate "2012.06.22"]
[SourceQuality "1"]

1. e4 c5 2. Nf3 d6 3. d4 cxd4 4. Nxd4 Nf6 5. Nc3 a6 6. h3 b5 7. a4 b4 8. Nd5 e6 9. Nxf6+ Qxf6 10. g4 d5 11. exd5 Bc5 12. Be3 Bb7 13. Bg2 0-0 14. 0-0 Rd8 15. Nxe6 fxe6 16. Bxc5 Bxd5 17. Qe2 Nc6 18. a5 Bxg2 19. Kxg2 Rd5 20. Bb6 Ne5 21. Be3 h5 22. f4 Ng6 23. b3 Rc8 24. Ra4 hxg4 25. hxg4 Nh4+ 26. Kg3 Qg6 27. Rf2 Nf5+ 28. Kf3 Nxe3 29. Qxe3 Rc3 30. Rxb4 Rxe3+ 31. Kxe3 Qxg4 0-1

[Event "Bridgetown Heroes Day"]
[Site "Bridgetown"]
[Date "2012.04.28"]
[Round "4"]
[White "Farley, Terry"]
[Black "Joseph, Marcus"]
[Result "1/2-1/2"]
[WhiteElo "2250"]
[BlackElo "2198"]
[PlyCount "34"]
[EventDate "2012.04.27"]
[EventType "tourn"]
[EventRounds "10"]
[EventCountry "BAR"]
[EventCategory "2"]
[SourceTitle "CBM 148 Extra"]
[Source "ChessBase"]
[SourceDate "2012.06.22"]
[SourceVersion "1"]
[SourceVersionDate "2012.06.22"]
[SourceQuality "1"]

1. c4 e5 2. Nc3 Nc6 3. g3 Nf6 4. Bg2 Bc5 5. Nf3 d6 6. d3 h6 7. 0-0 a6 8. a3 0-0 9. b4 Ba7 10. Bb2 Be6 11. Rc1 Qd7 12. e3 Rac8 13. Qe2 Bg4 14. Qc2 Rfe8 15. Rfe1 Ne7 16. Nd2 b5 17. Nd5 Nh7 1/2-1/2

[Event "Duran zt 2.3.5"]
[Site "Duran"]
[Date "2012.03.09"]
[Round "7"]
[White "Barros Rivadeneira, Cristhian"]
[Black "Joseph, Marcus"]
[Result "1-0"]
[WhiteElo "2122"]
[BlackElo "2198"]
[PlyCount "135"]
[EventDate "2012.03.05"]
[EventType "swiss"]
[EventRounds "9"]
[EventCountry "ECU"]
[SourceTitle "EXT 2023"]
[Source "ChessBase"]
[SourceDate "2022.10.05"]
[SourceVersion "1"]
[SourceVersionDate "2022.10.05"]
[SourceQuality "1"]

1. c4 e5 2. Nc3 Nc6 3. g3 Nf6 4. Bg2 Bc5 5. d3 0-0 6. Nf3 h6 7. 0-0 d6 8. a3 a6 9. h3 Ba7 10. Kh2 Bf5 11. e3 Qd7 12. b4 Rae8 13. Bb2 Bh7 14. Rc1 Kh8 15. e4 Ng8 16. Nd5 Nd8 17. c5 c6 18. Ne3 Bb8 19. cxd6 Bxd6 20. Nc4 f6 21. d4 exd4 22. Qxd4 Nf7 23. Nxd6 Qxd6 24. Qxd6 Nxd6 25. e5 Ne4 26. exf6 Ngxf6 27. Ne5 Rd8 28. Kg1 Rd2 29. Nc4 Rdd8 30. Rfd1 Nd5 31. Bxe4 Bxe4 32. f4 Kg8 33. Be5 Rd7 34. Rd4 Bg6 35. Rcd1 Rfd8 36. g4 Be8 37. Kf2 Nc3 38. R1d3 Rxd4 39. Rxd4 Rxd4 40. Bxd4 Nb5 41. Bb2 Bf7 42. Ne5 Bd5 43. Ke3 Nd6 44. Kd4 Bg2 45. h4 h5 46. gxh5 b6 47. Nd7 Ne8 48. Ke5 Kf7 49. Bd4 a5 50. bxa5 bxa5 51. Nc5 Bf3 52. Nb3 a4 53. Na5 Nc7 54. Bc5 Ne8 55. Nb7 Nf6 56. Nd8+ Ke8 57. Ne6 Nxh5 58. f5 Bd5 59. Nc7+ Kf7 60. Nxd5 cxd5 61. Be3 Ng3 62. Bf2 Ne4 63. Be1 g6 64. fxg6+ Kxg6 65. Kxd5 Kf5 66. Kc4 Kf4 67. Kb4 Kg4 68. Kxa4 1-0